|
|
|
|
| LEADER |
00712nam a22002171a 4500 |
| 020 |
|
|
|c 0.00
|
| 040 |
|
|
|a SSUS - Library - Kalady
|
| 082 |
|
|
|a M301(FTr.)
|b ANT/T
|
| 100 |
|
|
|a Anton Chekhov
|
| 245 |
|
|
|a Theranjedutha kathakal : Anton Chekhov
|h [Text]
|
| 260 |
|
|
|a Calicut
|b Pappiyon
|c 2010
|
| 300 |
|
|
|a 121p.
|
| 600 |
|
|
|a Translation Russian Stories
|
| 600 |
|
|
|a Literature
|
| 600 |
|
|
|a Literature Malayalam
|
| 600 |
|
|
|a Stories Malayalam
|
| 700 |
|
|
|a Binoy P Jacob (tr.)
|
| 852 |
|
|
|h M301(FTr.)
|i ANT/T
|p 065951
|9 75.00
|t 0
|
| 942 |
|
|
|c BK
|
| 999 |
|
|
|c 46838
|d 46838
|
| 952 |
|
|
|0 0
|1 0
|4 0
|6 M_301FTR__ANT_T
|7 0
|9 67766
|a SSUS
|b SSUS
|d 2015-01-08
|g 75.00
|l 1
|o M301(FTr.) ANT/T
|p 065951
|r 2017-02-10
|s 2017-02-06
|v 0.00
|w 2015-01-08
|y BK
|